Les limitations internes des formalismes : étude sur la signification du théorème de Gödel et des théorèmes apparentés dans la théorie des fondements des mathématiques /

Guardado en:
Autor Principal: Ladrière, Jean.
Formato: Libro
Idioma:French
Publicado: Louvain : Paris : E. Nauwelaerts ; Gauthier-Villars, 1957.
Series:Collection de logique mathématique. Série B ; 2
Etiquetas: Agregar Etiqueta
Sin Etiquetas, Sea el primero en etiquetar este registro!
LEADER 00718nam a22001695a 4500
001 MAT.inmabb001176
008 031120s1957####be############000#0#fre#d
005 20160526155243.0
245 1 4 |a Les limitations internes des formalismes :  |b étude sur la signification du théorème de Gödel et des théorèmes apparentés dans la théorie des fondements des mathématiques /  |c par Jean Ladrière. 
260 |a Louvain :  |b E. Nauwelaerts ;  |a Paris :  |b Gauthier-Villars,  |c 1957. 
300 |a xiii, 715 p. ;  |c 25 cm. 
440 0 |a Collection de logique mathématique.  |p Série B ;  |v 2 
510 4 |a MR,  |c 20 #2 
100 1 |a Ladrière, Jean. 
084 |a 03B25 (03Fxx 03Dxx)  |2 msc2000 
044 |a be  |a fr 
859 |h 03  |i L157  |p A-1251  |b BIB. MATEMATICA